[Event "Montebelluna op-B 5th"]
[Site "Montebelluna"]
[Date "2007.03.11"]
[Round "5"]
[White "Carlino, Guido"]
[Black "Zannin, Margherita"]
[Result "1-0"]
[WhiteElo "1440"]
[BlackElo "1440"]
[PlyCount "85"]
[EventDate "2007.03.09"]
[EventType "swiss"]
[EventRounds "5"]
[EventCountry "ITA"]
[SourceTitle "EXT 2008"]
[Source "ChessBase"]
[SourceDate "2007.11.25"]
[SourceVersion "1"]
[SourceVersionDate "2007.11.25"]
[SourceQuality "1"]

1. d4 Nc6 2. c4 e6 3. Nc3 Nf6 4. Bg5 Be7 5. Nf3 d5 6. e3 Na5 7. Qa4+ c6 8. cxd5 exd5 9. Bxf6 Bxf6 10. Bd3 Nc4 11. Qc2 g6 12. 0-0 Nd6 13. b4 Bf5 14. Bxf5 Nxf5 15. Rac1 Nh4 16. Qe2 Qd6 17. b5 Bd8 18. bxc6 bxc6 19. Na4 Bc7 20. Ne5 h5 21. Rxc6 Qd8 22. Qb5 0-0 23. f4 Rb8 24. Qc5 Bb6 25. Nxb6 axb6 26. Qd6 Qe8 27. Qxd5 Rd8 28. Qb3 Kg7 29. Rxb6 f6 30. Rb7+ Kh8 31. Nf3 Nf5 32. Re1 Rd7 33. Rxd7 Qxd7 34. d5 Rd8 35. e4 Nd6 36. Qb2 Kg7 37. e5 fxe5 38. Qxe5+ Kg8 39. Qe6+ Nf7 40. Qxg6+ Kf8 41. Qxh5 Re8 42. Rxe8+ Qxe8 43. Ne5 1-0